000 00596cam a2200193 4500
001 ABS61119
008 000000n1999 000 0 eng u
035 _a(Sirsi) u101683
100 _aHull, M.
245 _aWhat about my rent?
260 _c1999
490 _aEstates Gazette
_v(9932) 14 August 1999, 84-85(2)
520 _aConsiders how landlords and tenants can prepare for loss of rent claims, which are often difficult to prove satisfactorily.
650 _aCLAIMS
650 _aLOSSES
690 _aLANDLORD AND TENANT-BUSINESS TENANCIES
700 _aMcIntosh, M.
942 _n0
999 _c60808
_d60808